| 000 | 00569nam a2200169 i 4500 | ||
|---|---|---|---|
| 001 | 59014 | ||
| 003 | ES-MaACL | ||
| 005 | 20230906163937.0 | ||
| 007 | t| | ||
| 008 | 031027s1929 sp ||||1| spa d | ||
| 100 | 1 |
_aEheberg, Karl Theodor von. _946778 |
|
| 245 | 1 | 0 |
_aHacienda pública / _cCarlos T. von Eheberg ; traducción de la diecinueve edición alemana por Enrique Rodríguez Mata. |
| 260 |
_aBarcelona : _bGustavo Gili, _c1929 ( _fL. Cortina) |
||
| 300 |
_a759 p. ; _c22 cm. |
||
| 700 | 1 |
_aRodríguez Mata, Enrique. _998652 |
|
| 852 |
_aES-MaACL _jA-891 _bR.10951 |
||
| 999 |
_c59014 _d59014 |
||